000 00451nam a2200181Ia 4500
008 130318s9999 xx 000 0 und d
020 _a8178083604
082 _a005.133C++ DEI/C
100 _aDeitel, H M
245 _aC++ how to program
250 _a3
260 _bPearson Education
_aNew Delhi
_c2001
300 _a1168
_e1 CD
650 _aC++
650 _aOBJECT ORIENTED PROGRAMMING
650 _aPROGRAMMING LANGUAGES
700 _aDeitel,PJ
999 _c564
_d564